|
|
|
|
| LEADER |
00973nam a22002651a 4500 |
| 001 |
000033925 |
| 003 |
10117 |
| 005 |
20210412094157.0 |
| 008 |
151027s2011 000 eng |
| 041 |
|
|
|a eng
|
| 082 |
|
|
|a 420.8
|b PH-L
|
| 100 |
|
|
|a Phương Linh
|
| 245 |
|
0 |
|a English Language for Life/ Tập 8 :
|b Tiếng anh trong đời sống hằng ngày /
|c Phương Linh
|n Tập 8
|
| 260 |
|
|
|a TP.HCM,
|c 2011.
|
| 300 |
|
|
|a 192p. :
|b ill. ;
|c 20cm+CD.
|
| 650 |
|
|
|a English Language for Life
|a Tiếng anh trong đời sống hằng ngày
|a English Language
|
| OWN |
|
|
|a LNN
|
| 902 |
|
|
|a TKA
|
| AVA |
|
|
|a UDN50
|b LNN
|c English
|e available
|t Error 5001 Not defined in file expand_doc_bib_avail.
|f 10
|g 0
|h N
|i 2
|j AN
|
| 999 |
|
|
|a From the UDN01
|
| AVA |
|
|
|a UDN50
|b LNN
|c English
|e available
|t Error 5001 Not defined in file expand_doc_bib_avail.
|f 10
|g 0
|h N
|i 2
|j AN
|
| TYP |
|
|
|a Monograph
|
| 980 |
|
|
|a Mạng thư viện Đại học Đà Nẵng
|